[Event "Frunze"]
[Site "Frunze"]
[Date "1983.??.??"]
[Round "?"]
[White "Dolmatov, Sergey"]
[Black "Bagirov, Vladimir"]
[Result "1-0"]
[WhiteElo "2550"]
[BlackElo "2500"]

1.c4 Nf6 2.Nc3 d5 3.cxd5 Nxd5 4.d4 g6 5.e4 Nxc3 6.bxc3 Bg7 7.Ba3 Nd7 8.Nf3 c5
9.Qb3 O-O 10.Bd3 b6 11.Rd1 e6 12.O-O Qc7 13.e5 Bb7 14.Ng5 Rfc8 15.Qb1 Rab8
16.h4 b5 17.h5 b4 18.hxg6 bxa3 19.gxf7+ Kh8 20.Bxh7 Nf8 21.Qd3 Bh6 22.Qh3 Bxg5
23.Bg8+ Kg7 24.Rd3 Be4 25.Rg3 Qd8 26.f4 Bf5 27.Qh2 Ng6 28.fxg5 Kf8 29.Qh6+ Ke7
30.Rxf5 exf5 31.Qxg6 Rb1+ 32.Kh2 Rb6 33.e6 Kd6 34.Qxf5 cxd4 35.cxd4 Kc7  1-0

[Event "Havana"]
[Site "Havana"]
[Date "1983.??.??"]
[Round "4"]
[White "Estevez, Guillermo"]
[Black "Alzate, Dario"]
[Result "1/2-1/2"]
[WhiteElo "2395"]
[BlackElo "2350"]

1.d4 Nf6 2.c4 g6 3.Nc3 d5 4.cxd5 Nxd5 5.e4 Nxc3 6.bxc3 Bg7 7.Nf3 c5 8.Be2 O-O
9.Rb1 Qa5 10.O-O Qxc3 11.Rb3 Qa5 12.Rb5 Qxa2 13.Rxc5 Na6 14.Bc4 Qb1 15.Bxa6 bxa6
16.Bg5 Qxd1 17.Rxd1 f6 18.Be3 Bb7 19.d5 Rac8 20.Rb1 Ba8 21.Rbc1 Rxc5 22.Rxc5 f5
23.exf5 Rxf5 24.Rc8+ Rf8 25.Rc7 Bxd5 26.Rxe7 Rb8 27.h4 Rb7 28.Re8+ Kf7 29.Rd8 Bxf3
30.gxf3 Bf6 31.Rd6 a5 32.Ra6 Bd8 33.Bxa7 Rb4 34.Be3 a4 35.Ra7+ Ke6 36.h5 gxh5
37.Rxh7 Rb5 38.Rh6+ Kd5 39.Rxh5+ Kc4 40.Rh8 Bf6 41.Rc8+ Kb3 42.Bc5 a3 43.Bxa3 Kxa3
44.Kg2 Rf5 45.Rb8 Bd4 46.Rb7 Ka4 47.Kg3 Be5+ 48.Kg2 Ka5 49.Rb3  1/2-1/2

[Event "Havana"]
[Site "Havana"]
[Date "1983.??.??"]
[Round "13"]
[White "Remon, Adelquis"]
[Black "Alzate, Dario"]
[Result "0-1"]
[WhiteElo "2375"]
[BlackElo "2350"]

1.d4 Nf6 2.c4 g6 3.Nc3 d5 4.cxd5 Nxd5 5.e4 Nxc3 6.bxc3 Bg7 7.Nf3 c5 8.Rb1 O-O
9.Be2 Qa5 10.O-O Qxc3 11.d5 Qa5 12.Bg5 Qc7 13.Qc1 b6 14.Bf4 Qd8 15.Rd1 Ba6
16.Bxa6 Nxa6 17.e5 Qd7 18.h4 Nb4 19.Qc4 Rad8 20.d6 exd6 21.Rxd6 Qg4 22.Re1 b5
23.Qe4 Rfe8 24.Rxd8 Rxd8 25.Ng5 Qf5 26.Qf3 Nd3 27.Re4 h5 28.g3 c4 29.e6 fxe6
30.Rxe6 Nxf4 31.gxf4 Bf6 32.Rxf6 Qxf6 33.Qb7 Rd6 34.Qxb5 Qxf4 35.Qb8+ Qf8
36.Qc7 Rd1+ 37.Kg2 Qa8+ 38.Kg3 Qd5 39.Qh7+ Kf8 40.Qh6+  0-1

[Event "Indonesia"]
[Site "Indonesia"]
[Date "1983.??.??"]
[Round "11"]
[White "Tarjan, James Edward"]
[Black "Romanishin, Oleg M"]
[Result "1/2-1/2"]
[WhiteElo "2535"]
[BlackElo "2575"]

1.d4 Nf6 2.c4 g6 3.Nc3 d5 4.cxd5 Nxd5 5.e4 Nxc3 6.bxc3 Bg7 7.Bc4 c5 8.Ne2 O-O
9.O-O Nc6 10.Be3 Bd7 11.Rc1 Na5 12.Bd3 Qc7 13.Nf4 Bc6 14.e5 Rad8 15.Qg4 b5
16.h4 Qd7 17.Qg3 Bd5 18.Bb1 Be6 19.Nd3 Nb7 20.Nxc5 Nxc5 21.dxc5 Bf5 22.Bd4 a6
23.c6 Qe6 24.Bxf5 Qxf5 25.a4 bxa4  1/2-1/2

[Event "Indonesia"]
[Site "Indonesia"]
[Date "1983.??.??"]
[Round "15"]
[White "Jussupow, Artur"]
[Black "Timman, Jan H"]
[Result "1/2-1/2"]
[WhiteElo "2555"]
[BlackElo "2605"]

1.d4 Nf6 2.c4 g6 3.Nc3 d5 4.cxd5 Nxd5 5.e4 Nxc3 6.bxc3 Bg7 7.Nf3 c5 8.Be3 Qa5
9.Qd2 Nc6 10.Rb1 b6 11.Rc1 e6 12.d5 exd5 13.exd5 Ne7 14.Bg5 h6 15.Bxe7 Kxe7
16.Bc4 Rd8 17.O-O Kf8 18.d6 Qa4 19.Ne5 Bxe5 20.Qd5 Qe8 21.Rfe1 Bxh2+ 22.Kxh2 Be6
23.Qe5 Kg8 24.Qg3 Kh7 25.Rxe6 fxe6 26.Re1 Qf7 27.Rxe6 Re8 28.Re4 Qg7 29.Rg4 Rad8
30.d7 Rxd7 31.Bb5 Re5 32.Bxd7 Rh5+ 33.Kg1 Qxd7 34.Qf3 Re5 35.Rf4 Kg7 36.c4 Qe7
37.g3 g5 38.Rf5 Rxf5 39.Qxf5 Qd6 40.Qe4 a5 41.a4 Qd7 42.Kg2 Kf6 43.Qf3+ Ke7
44.Qe4+ Qe6 45.Qb7+ Kf6 46.Qf3+ Kg7 47.Qc3+ Kg6 48.Qd3+ Kf6 49.Qf3+ Ke5 50.Qe2+ Kd6
51.Qc2 Kc6 52.Kh2 Kb7 53.Qh7+ Kc6 54.Qc2 h5 55.Qd3 h4 56.f4 hxg3+ 57.Kxg3 gxf4+
58.Kxf4 Qf7+ 59.Kg3 Kc7 60.Kg2 Qf6 61.Kg3 Qe5+ 62.Kf2 Qd4+ 63.Ke2 Kd6 64.Qg6+ Ke7
65.Qh7+ Ke6 66.Qg6+ Kd7 67.Qf7+ Kc6 68.Qg6+ Kb7 69.Qf7+ Ka6 70.Qe6 Qd8 71.Ke3 Kb7
72.Qf7+  1/2-1/2

[Event "Indonesia"]
[Site "Indonesia"]
[Date "1983.??.??"]
[Round "20"]
[White "Schmidt, Wlodzimierz"]
[Black "Miolo, Ediwan E"]
[Result "1/2-1/2"]
[WhiteElo "2450"]
[BlackElo "2405"]

1.d4 Nf6 2.c4 g6 3.Nc3 d5 4.cxd5 Nxd5 5.e4 Nxc3 6.bxc3 Bg7 7.Nf3 O-O 8.Be2 c5
9.Rb1 Nc6 10.d5 Ne5 11.Nxe5 Bxe5 12.Qd2 a6 13.f4 Bg7 14.c4 Rb8 15.Bb2 f6
16.a4 Bd7 17.a5 b5 18.axb6 Rxb6 19.O-O Qb8 20.Bd3 Bh6 21.g3 e5 22.dxe6 Bxe6
23.Bc3 Rxb1 24.Rxb1 Qd6 25.Qe3 Bg7 26.Bf1 Re8 27.e5 fxe5 28.fxe5 Qc7 29.Qe2 a5
30.Bg2 Qf7 31.Bf1 Qc7 32.Ra1 Bf7 33.Re1 a4 34.Bg2 Qd7 35.Rd1 Qc7 36.Re1 Qd7
37.Rd1 Qc7 38.Re1  1/2-1/2

[Event "URS-ch sf"]
[Site "Irkutsk"]
[Date "1983.??.??"]
[Round "?"]
[White "Bykhovsky, Avigdor"]
[Black "Zilberstein, Valery I"]
[Result "1-0"]
[WhiteElo "2445"]
[BlackElo "2400"]

1.d4 Nf6 2.c4 g6 3.Nc3 d5 4.cxd5 Nxd5 5.e4 Nxc3 6.bxc3 Bg7 7.Bc4 O-O 8.Ne2 Nc6
9.h4 Na5 10.Bb3 c5 11.dxc5 Qc7 12.Be3 Bd7 13.h5 Bb5 14.hxg6 hxg6 15.Qd5 Bf6
16.Nd4 Bc6 17.Nxc6 bxc6 18.Qd3 Rfd8 19.Bd4 e5 20.Qf3 Bg7 21.Be3 Rd3 22.Qh3 Kf8
23.Qh7 Nxb3 24.axb3 Rad8 25.Bh6 Bxh6 26.Qxh6+ Ke8 27.Qg7 a5 28.Rh8+ Ke7 29.Rh7 Ke6
30.Qxg6+ fxg6 31.Rxc7 Rxc3 32.Rxc6+ Kf7 33.Rxa5  1-0

[Event "URS-ch sf"]
[Site "Irkutsk"]
[Date "1983.??.??"]
[Round "?"]
[White "Bykhovsky, Avigdor"]
[Black "Polovodin, Igor A"]
[Result "0-1"]
[WhiteElo "2445"]
[BlackElo "2435"]

1.d4 Nf6 2.c4 g6 3.Nc3 d5 4.cxd5 Nxd5 5.e4 Nxc3 6.bxc3 Bg7 7.Nf3 c5 8.Rb1 O-O
9.Be2 Nc6 10.d5 Ne5 11.Nxe5 Bxe5 12.Qd2 e6 13.f4 Bh8 14.c4 Re8 15.e5 f6 16.d6 fxe5
17.Bb2 exf4 18.Bxh8 Kxh8 19.O-O e5 20.Rfd1 Qd7 21.Qd5 Rb8 22.Qxc5 b6 23.Qc7 Qxc7
24.dxc7 Rb7 25.Rd8 Rg8 26.Rb5 Rxc7 27.Rxg8+ Kxg8 28.Rxe5 Kf7 29.Kf2 Bb7 30.h4 Rc5  0-1

[Event "URS-ch sf"]
[Site "Irkutsk"]
[Date "1983.??.??"]
[Round "?"]
[White "Timoshchenko, Gennadi A"]
[Black "Tseshkovsky, Vitaly"]
[Result "1-0"]
[WhiteElo "2440"]
[BlackElo "2560"]

1.d4 Nf6 2.c4 g6 3.Nc3 d5 4.cxd5 Nxd5 5.e4 Nxc3 6.bxc3 Bg7 7.Nf3 c5 8.Rb1 O-O
9.Be2 Bg4 10.O-O Nc6 11.d5 Na5 12.c4 Bxf3 13.Bxf3 Nxc4 14.Rxb7 Nd6 15.Rb1 Qa5
16.Qc2 c4 17.Bg5 Rfe8 18.Rfc1 c3 19.Bf4 Nc4 20.Rb7 Qa6 21.Rb4 Nb2 22.e5 Rac8
23.Rb3 Qa4 24.g3 e6 25.Rxc3 Qxc2 26.R1xc2 Rxc3 27.Rxc3 exd5 28.Bxd5 Rd8 29.Rc7 Rf8
30.e6 fxe6 31.Bxe6+ Kh8 32.Rxg7 Kxg7 33.Be5+ Kh6 34.Bxb2 g5 35.g4 Rd8 36.Kg2 Rd6
37.Bf7 a5 38.Be5 Rd7 39.Bh5 a4 40.Bf6  1-0

[Event "URS-ch sf"]
[Site "Irkutsk"]
[Date "1983.??.??"]
[Round "?"]
[White "Timoshchenko, Gennadi A"]
[Black "Zilberstein, Valery I"]
[Result "1/2-1/2"]
[WhiteElo "2440"]
[BlackElo "2400"]

1.d4 Nf6 2.c4 g6 3.Nc3 d5 4.cxd5 Nxd5 5.e4 Nxc3 6.bxc3 Bg7 7.Nf3 c5 8.Rb1 O-O
9.Be2 Nc6 10.d5 Ne5 11.Nxe5 Bxe5 12.Qd2 e6 13.f4 Bg7 14.c4 Re8 15.e5 f6 16.d6 fxe5
17.Bb2 exf4 18.Bxg7 Kxg7 19.O-O Rf8 20.Rxf4 Rxf4 21.Qxf4 Qf6 22.Qe3 b6 23.Kh1 Bd7
24.Rf1 Qb2 25.Qf3 Bc6 26.Qf7+ Kh8 27.Bf3 Bxf3 28.Qxf3 Rd8 29.Qf7 Qd4 30.h3 Qxd6
31.Qf6+ Kg8 32.Qf7+  1/2-1/2

[Event "URS-ch U26"]
[Site "Jurmala"]
[Date "1983.??.??"]
[Round "?"]
[White "Salov, Valery"]
[Black "Gavrikov, Viktor"]
[Result "1/2-1/2"]
[WhiteElo "2415"]
[BlackElo "2485"]

1.d4 Nf6 2.c4 g6 3.Nc3 d5 4.cxd5 Nxd5 5.e4 Nxc3 6.bxc3 Bg7 7.Nf3 c5 8.Rb1 O-O
9.Be2 Nc6 10.d5 Ne5 11.Nxe5 Bxe5 12.Qd2 e6 13.f4 Bg7 14.c4 Re8 15.e5 f6 16.d6 fxe5
17.Bb2 exf4 18.Bxg7 Kxg7 19.O-O b6 20.Rbd1 Bd7 21.Qxf4 e5 22.Qe3 Qh4 23.Rd5 Kg8
24.g3 Qh3 25.Rf6 Rad8 26.Bf1 Qh5 27.Be2 Qh3 28.Bf1 Qh5 29.Be2 Qh3  1/2-1/2

[Event "Jurmala"]
[Site "Jurmala"]
[Date "1983.??.??"]
[Round "9"]
[White "Garcia Gonzales, Guillermo"]
[Black "Romanishin, Oleg M"]
[Result "0-1"]
[WhiteElo "2515"]
[BlackElo "2585"]

1.d4 Nf6 2.c4 g6 3.Nc3 d5 4.cxd5 Nxd5 5.e4 Nxc3 6.bxc3 Bg7 7.Nf3 c5 8.Be3 Qa5
9.Qd2 O-O 10.Rb1 Nd7 11.Bd3 b6 12.O-O Bb7 13.Rb5 Qa4 14.dxc5 Rfd8 15.Rd1 Bc6
16.Rb4 Bxc3 17.Qxc3 Qxd1+ 18.Bf1 bxc5 19.Bh6 Nf6 20.Qxc5 Bxe4 21.Qxe7 Bxf3
22.gxf3 Qd6 23.Bf8 Qxe7 24.Bxe7 Nd5 25.Rb7 Nxe7 26.Rxe7  0-1

[Event "Toth mem"]
[Site "Kecskemet"]
[Date "1983.??.??"]
[Round "?"]
[White "Lukacs, Peter"]
[Black "Mikhalchishin, Adrian"]
[Result "1/2-1/2"]
[WhiteElo "2440"]
[BlackElo "2465"]

1.d4 Nf6 2.c4 g6 3.Nc3 d5 4.cxd5 Nxd5 5.e4 Nxc3 6.bxc3 Bg7 7.Bc4 O-O 8.Ne2 c5
9.O-O Nc6 10.Be3 Qc7 11.Rc1 Rd8 12.Qd2 Qa5 13.Rfd1 Bd7 14.Bh6 cxd4 15.Bxg7 Kxg7
16.Qf4 Be6 17.Bxe6 fxe6 18.cxd4 e5 19.Qg5 h6 20.Qe3 Nxd4 21.Nxd4 exd4 22.Rxd4 Qxa2
23.h4 Qb2 24.Rd5 a5 25.Rc7 Qa1+ 26.Kh2 Qf6 27.g3 Rf8 28.f4 Rac8 29.Rxb7 Rc2+
30.Kh3 Qc6  1/2-1/2

[Event "URS-ch sf"]
[Site "Minsk"]
[Date "1983.??.??"]
[Round "?"]
[White "Bagirov, Vladimir"]
[Black "Grigorian, Karen Ashotovich"]
[Result "1/2-1/2"]
[WhiteElo "2500"]
[BlackElo "2425"]

1.d4 Nf6 2.c4 g6 3.Nc3 d5 4.cxd5 Nxd5 5.e4 Nxc3 6.bxc3 Bg7 7.Be3 c5 8.Rc1 Qa5
9.Qd2 O-O 10.d5 e6 11.Nf3 exd5 12.exd5 Bf5 13.Be2 c4 14.O-O Nd7 15.Rfd1 Nc5
16.Bd4 Nd3 17.Rb1 Be4 18.Bxg7 Kxg7 19.Nd4 a6 20.Bxd3 Bxd3 21.Rxb7 Qxd5 22.Re7 Rfe8
23.Ne6+ Qxe6 24.Rxe6 Rxe6  1/2-1/2

[Event "Marshall CC-ch"]
[Site "New York"]
[Date "1983.??.??"]
[Round "4"]
[White "Kastner, Jeffrey"]
[Black "Gebran, N."]
[Result "1-0"]
[WhiteElo "2365"]
[BlackElo "1965"]

1.d4 Nf6 2.c4 g6 3.Nc3 d5 4.cxd5 Nxd5 5.e4 Nxc3 6.bxc3 Bg7 7.Nf3 O-O 8.Be3 b6
9.h4 c5 10.h5 cxd4 11.cxd4 Bg4 12.hxg6 hxg6 13.Be2 Nc6 14.d5 Nb4 15.Nd4 Bxe2
16.Kxe2 Qc8 17.Qd2 Qc4+ 18.Kf3 Nd3 19.Rad1 Bxd4 20.Qxd3 Qxd3 21.Rxd3 Bxe3
22.Kxe3 Rac8 23.Kd4 Kg7 24.Rdh3 Rc2 25.e5 Rg8 26.Rh7+ Kf8 27.e6 fxe6 28.dxe6 Rxf2
29.Rc1 Rd2+ 30.Ke3 Rd8 31.Rf7+ Ke8 32.Rc7 Ra8 33.Rfxe7+ Kd8 34.Ke4 Rh8 35.Ke5 Rh5+
36.Kf6  1-0

[Event "Nis"]
[Site "Nis"]
[Date "1983.??.??"]
[Round "8"]
[White "Schmidt, Wlodzimierz"]
[Black "Jansa, Vlastimil"]
[Result "1-0"]
[WhiteElo "2450"]
[BlackElo "2445"]

1.d4 Nf6 2.c4 g6 3.Nc3 d5 4.cxd5 Nxd5 5.e4 Nxc3 6.bxc3 Bg7 7.Nf3 c5 8.Rb1 O-O
9.Be2 Nc6 10.d5 Ne5 11.Nxe5 Bxe5 12.Qd2 e6 13.f4 Bg7 14.c4 Re8 15.e5 f6 16.d6 fxe5
17.Bb2 exf4 18.Bxg7 Kxg7 19.O-O Rf8 20.Rxf4 Rxf4 21.Qxf4 Qf6 22.Qe3 b6 23.Kh1 Kh8
24.Rf1 Qg7 25.Bf3 Rb8 26.Bc6 Kg8 27.Bd5 Qd7 28.Qf4 Qe8 29.Qe5 Bd7 30.Be4 Rd8
31.Rf3 Bc8 32.Bxg6 hxg6 33.Rh3 Qf8 34.Qh8+  1-0

[Event "ARG-ch U26"]
[Site "Pehuaj"]
[Date "1983.??.??"]
[Round "?"]
[White "Soppe, Guillermo"]
[Black "Grushka, Carlos"]
[Result "1-0"]
[WhiteElo "2025"]
[BlackElo "2290"]

1.d4 Nf6 2.c4 g6 3.Nc3 d5 4.cxd5 Nxd5 5.e4 Nxc3 6.bxc3 Bg7 7.Nf3 c5 8.Rb1 O-O
9.Be2 Nc6 10.d5 Bxc3+ 11.Bd2 Bxd2+ 12.Qxd2 Nd4 13.Nxd4 cxd4 14.Qxd4 Qa5+
15.Qd2 Qxd2+ 16.Kxd2 f5 17.e5 Rd8 18.Ke3 b6 19.Rhd1 Bb7 20.Bc4 Rac8 21.Rd4 Rc5
22.Rbd1 b5 23.Bb3 Kf8 24.Kf4 a5 25.d6 exd6 26.Rxd6 Rxd6 27.Rxd6 a4 28.Rf6+ Ke8
29.Bg8 Bd5 30.Bxh7 Rc4+ 31.Kg5 Rg4+ 32.Kh6 Rh4+ 33.Kg7 Rxh2 34.Rb6 Bxa2 35.Rxb5 Rxg2
36.Kf6 Rxf2 37.Bxg6+ Kd7 38.Ra5 Bb3 39.Bf7 Kc6 40.e6  1-0

[Event "BUL-ch"]
[Site "Pernik"]
[Date "1983.??.??"]
[Round "4"]
[White "Spassov, Liuben"]
[Black "Donchev, Dimitar I"]
[Result "1-0"]
[WhiteElo "2475"]
[BlackElo "2455"]

1.d4 Nf6 2.c4 g6 3.Nc3 d5 4.cxd5 Nxd5 5.e4 Nxc3 6.bxc3 Bg7 7.Be3 c5 8.Rc1 cxd4
9.cxd4 Nc6 10.d5 Ne5 11.Bb5+ Nd7 12.Qd2 O-O 13.Nf3 Nf6 14.Bd3 e6 15.Bc5 Re8
16.d6 e5 17.O-O Bg4 18.Rfd1 Bxf3 19.gxf3 Nh5 20.Bf1 Nf4 21.d7 Re6 22.Kh1 g5
23.Bc4 Bf6 24.Bxe6 Nxe6 25.Qd5 Qa5 26.Bd6  1-0

[Event "EU-chT Plovdiv"]
[Site "Plovdiv"]
[Date "1983.??.??"]
[Round "7"]
[White "Pinter, Jozsef"]
[Black "Tukmakov, Vladimir B"]
[Result "1/2-1/2"]
[WhiteElo "2535"]
[BlackElo "2580"]

1.d4 Nf6 2.c4 g6 3.Nc3 d5 4.cxd5 Nxd5 5.e4 Nxc3 6.bxc3 Bg7 7.Bc4 c5 8.Ne2 Nc6
9.Be3 O-O 10.O-O Qc7 11.Rc1 Rd8 12.Qd2 Qa5 13.Rfd1 Bd7 14.Bh6 cxd4 15.Bxg7 Kxg7
16.Qf4 Be8 17.cxd4 e5 18.dxe5 Qxe5 19.Qe3 Rxd1+ 20.Rxd1 Rd8 21.Rxd8  1/2-1/2

[Event "Rubinstein mem"]
[Site "Polanica Zdroj"]
[Date "1983.??.??"]
[Round "12"]
[White "Farago, Ivan"]
[Black "Lechtynsky, Jiri"]
[Result "1/2-1/2"]
[WhiteElo "2495"]
[BlackElo "2475"]

1.d4 Nf6 2.c4 g6 3.Nc3 d5 4.cxd5 Nxd5 5.e4 Nxc3 6.bxc3 Bg7 7.Bc4 c5 8.Ne2 O-O
9.O-O Nc6 10.Be3 Qc7 11.Rc1 Rd8 12.Qd2 b6 13.Bh6 e6 14.Bg5 Re8 15.Bf4 Qd7
16.dxc5 Qxd2 17.Bxd2 Ne5 18.Bb5 Bd7 19.Bxd7 Nxd7 20.cxb6 axb6 21.Rc2 Ra4
22.f3 Rea8 23.Nc1 Ne5 24.Rf2 Nc4 25.Re2  1/2-1/2

[Event "Sochi"]
[Site "Sochi"]
[Date "1983.??.??"]
[Round "?"]
[White "Vaisser, Anatoli"]
[Black "Romanishin, Oleg M"]
[Result "1-0"]
[WhiteElo "2515"]
[BlackElo "2575"]

1.d4 Nf6 2.c4 g6 3.Nc3 d5 4.cxd5 Nxd5 5.e4 Nxc3 6.bxc3 Bg7 7.Be3 c5 8.Qd2 O-O
9.Rc1 Nd7 10.d5 Nf6 11.f3 b6 12.Bb5 Ne8 13.Bxe8 Rxe8 14.Ne2 e6 15.c4 exd5
16.exd5 Ba6 17.Kf2 Qh4+ 18.g3 Qh3 19.Nf4 Qd7 20.Rhe1 Re7 21.Kg2 Rae8 22.d6 Re5
23.Nd5 Bb7 24.Ne7+ Kh8 25.Bf4 Rxe1 26.Rxe1 f6 27.Nxg6+  1-0

[Event "BCF-ch"]
[Site "Southport"]
[Date "1983.??.??"]
[Round "5"]
[White "Martin, Andrew D"]
[Black "Cooley, Christopher Martin"]
[Result "1-0"]
[WhiteElo "2340"]
[BlackElo "2250"]

1.d4 Nf6 2.c4 g6 3.Nc3 d5 4.cxd5 Nxd5 5.e4 Nxc3 6.bxc3 Bg7 7.Nf3 O-O 8.Be2 c5
9.Rb1 cxd4 10.cxd4 b6 11.O-O Bb7 12.Qd3 Qd7 13.Rd1 Qa4 14.Bg5 Qxa2 15.Qe3 Nd7
16.d5 Nf6 17.Ne5 Rfc8 18.h4 Qc2 19.Bf3 Qc5 20.Qf4 b5 21.h5 Qb6 22.h6 Bh8
23.d6 exd6 24.Nc4 Rxc4 25.Bxf6 Bxf6 26.Qxf6 Kf8 27.Rxd6 Qc7 28.Rbd1 Re8 29.Rd7  1-0

[Event "Torremolinos"]
[Site "Torremolinos"]
[Date "1983.??.??"]
[Round "1"]
[White "Rivas Pastor, Manuel"]
[Black "Roos, Daniel"]
[Result "1-0"]
[WhiteElo "2465"]
[BlackElo "2410"]

1.d4 Nf6 2.c4 g6 3.Nc3 d5 4.cxd5 Nxd5 5.e4 Nxc3 6.bxc3 Bg7 7.Nf3 c5 8.Be3 Qa5
9.Qd2 O-O 10.Rb1 a6 11.Rc1 Bg4 12.Be2 Nd7 13.d5 Bxf3 14.gxf3 c4 15.h4 e6
16.dxe6 Ne5 17.f4 Nd3+ 18.Bxd3 cxd3 19.exf7+ Rxf7 20.Qxd3 Rd8 21.Qc4 b5 22.Qb3 Qc7
23.Ke2 Bh6 24.h5 Bxf4 25.hxg6 hxg6 26.Rcg1 Kg7 27.Bd4+ Kf8 28.Qe6 Qc4+ 29.Qxc4 bxc4
30.Rh8+ Ke7 31.Rxd8  1-0

[Event "Trnava"]
[Site "Trnava"]
[Date "1983.??.??"]
[Round "?"]
[White "Vaisser, Anatoli"]
[Black "Banas, Jan"]
[Result "1/2-1/2"]
[WhiteElo "2485"]
[BlackElo "2325"]

1.d4 Nf6 2.c4 g6 3.Nc3 d5 4.cxd5 Nxd5 5.e4 Nxc3 6.bxc3 Bg7 7.Bc4 c5 8.Ne2 O-O
9.O-O Nc6 10.Be3 Na5 11.Bd3 cxd4 12.cxd4 b6 13.Rc1 e6 14.Qd2 Bb7 15.Bh6 Qe7
16.Qf4 Nc6 17.Bxg7  1/2-1/2

[Event "Trnava"]
[Site "Trnava"]
[Date "1983.??.??"]
[Round "?"]
[White "Vaisser, Anatoli"]
[Black "Schmidt, Wlodzimierz"]
[Result "1-0"]
[WhiteElo "2485"]
[BlackElo "2450"]

1.d4 Nf6 2.c4 g6 3.Nc3 d5 4.cxd5 Nxd5 5.e4 Nxc3 6.bxc3 Bg7 7.Be3 c5 8.Qd2 Qa5
9.Rc1 cxd4 10.cxd4 Qxd2+ 11.Bxd2 O-O 12.d5 e6 13.Bb4 Re8 14.d6 Nc6 15.Ba3 e5
16.Bc4 Be6 17.Ne2 Bf8 18.Bd5 Bxd5 19.exd5 Na5 20.Bb4 b6 21.Bxa5 bxa5 22.Nc3 Bxd6
23.Ne4 Red8 24.Ke2 Ba3 25.Rc7 Rac8 26.Rxa7 Rc4 27.Kf3 Rd4 28.Rb1 Bb4 29.Rc1 Rd3+
30.Ke2 Ra3 31.Rc2 Kf8 32.g4 Be7 33.Rcc7 f5 34.d6 Bh4 35.Rxh7 Kg8 36.Rag7+ Kf8
37.Nc5 Rxa2+ 38.Kf1 Rxd6 39.Nd7+ Rxd7 40.Rxd7 Ke8 41.Ra7  1-0

[Event "NOR-ch"]
[Site "Trondheim"]
[Date "1983.??.??"]
[Round "3"]
[White "Sande, Oystein"]
[Black "Orseth, Dag S"]
[Result "1-0"]
[WhiteElo "2285"]
[BlackElo "2290"]

1.d4 Nf6 2.c4 g6 3.Nc3 d5 4.cxd5 Nxd5 5.e4 Nxc3 6.bxc3 Bg7 7.Nf3 O-O 8.Be3 c5
9.Rc1 Qa5 10.Qd2 e6 11.Bh6 cxd4 12.Bxg7 Kxg7 13.cxd4 Qxd2+ 14.Kxd2 Nc6 15.Bb5 Bd7
16.Ke3 Rac8 17.Rhd1 a6 18.Bxc6 Bxc6 19.Rc3 f6 20.Rdc1 Kf7 21.Nd2 Ke7 22.Nc4 Bd7
23.Nb6 Rc6 24.Rxc6 bxc6 25.Rb1 Rb8 26.Nd5+ cxd5 27.Rxb8 dxe4 28.Rb6 Bc8 29.Kxe4 Kd7
30.d5 exd5+ 31.Kxd5 f5 32.Ke5  1-0

[Event "NOR-ch"]
[Site "Trondheim"]
[Date "1983.??.??"]
[Round "9"]
[White "Bjerke, Richard"]
[Black "Orseth, Dag S"]
[Result "1/2-1/2"]
[WhiteElo "2310"]
[BlackElo "2290"]

1.d4 Nf6 2.c4 g6 3.Nc3 d5 4.cxd5 Nxd5 5.e4 Nxc3 6.bxc3 Bg7 7.Nf3 O-O 8.Be2 c5
9.Rb1 Nc6 10.d5 Ne5 11.Nxe5 Bxe5 12.Qd2  1/2-1/2

[Event "Vrnjacka Banja"]
[Site "Vrnjacka Banja"]
[Date "1983.??.??"]
[Round "2"]
[White "Paunovic, Dragan"]
[Black "Jansa, Vlastimil"]
[Result "0-1"]
[WhiteElo "2320"]
[BlackElo "2440"]

1.d4 Nf6 2.c4 g6 3.Nc3 d5 4.cxd5 Nxd5 5.e4 Nxc3 6.bxc3 Bg7 7.Bc4 c5 8.Ne2 O-O
9.O-O Nc6 10.Be3 b6 11.dxc5 Qc7 12.Nd4 Ne5 13.Nb5 Qb8 14.Bf4 bxc5 15.Rb1 a6
16.Nd4 Qd6 17.Bd5 Ra7 18.Nc6 Rc7 19.Na5 Rd7 20.Nc4 Qc7 21.Nb6 Rd6 22.Nxc8 Rxc8
23.Qe2 Qa5 24.Rfc1 e6 25.Bc4 h6 26.h3 Rcd8 27.Rb7 Nxc4 28.Qxc4 Rd1+ 29.Rxd1 Rxd1+
30.Kh2 Qxc3 31.Qxc3 Bxc3 32.Bxh6 Bd4 33.f4 e5 34.Bg5 exf4 35.Bxf4 Ra1 36.Bd6 Rxa2
37.Rc7 a5 38.Rc8+ Kh7 39.Rc7 a4 40.Rxf7+ Kg8 41.Ra7 a3 42.e5 c4 43.Rxa3 Bxe5+
44.Kh1 Rxa3 45.Bxa3 c3 46.Bc1 Kf7 47.Kg1 Ke6 48.Kf2 Kd5 49.Kf3 Bf6 50.g4 Bh4
51.g5 Kc4 52.Ke2 Kd4 53.Kf3 c2 54.Kg4 Bf2 55.Kf3 Be1 56.Ke2 Bh4 57.Bb2+ Kc4
58.Bc1 Kc3 59.Kf3 Be1 60.Ke2 Bg3 61.Kf3 Bh4 62.Ke2 Kb3 63.Kf3 Be1 64.Ke2 Bc3
65.h4 Ka2 66.h5 Kb1 67.Be3 gxh5 68.Kf3 Bb2 69.g6 Bg7 70.Kg3 Bf6 71.Kf4 h4
72.Kg4 Kb2 73.Bf4 Kb3 74.Kf5 Bg7 75.Kg4 Be5 76.Bd2 Bf6 77.Bf4 Ka4 78.Kf5 Bg7
79.Kg4 Be5 80.Be3 Bf6 81.Kf5 Bd4 82.Bf4 h3 83.Kg4 h2  0-1

[Event "Vrnjacka Banja"]
[Site "Vrnjacka Banja"]
[Date "1983.??.??"]
[Round "2"]
[White "Franco Ocampo, Zenon"]
[Black "Nikolic, Zivoslav"]
[Result "1-0"]
[WhiteElo "2500"]
[BlackElo "2445"]

1.d4 Nf6 2.c4 g6 3.Nc3 d5 4.cxd5 Nxd5 5.e4 Nxc3 6.bxc3 Bg7 7.Nf3 O-O 8.Be2 Bg4
9.O-O Bxf3 10.Bxf3 e5 11.d5 Nd7 12.Ba3 Re8 13.Rb1 b6 14.Be2 Bf8 15.Bb2 a6
16.Bd3 Bd6 17.c4 Nc5 18.Bc2 Qd7 19.Qd2 Qg4 20.Rbe1 f6 21.f4 exf4 22.Bxf6 Be5
23.Bxe5 Rxe5 24.Rxf4 Qd7 25.Qf2 Rae8 26.Rf1 Qd6 27.Rf6 Qd8 28.Qg3 Qe7 29.Rc6 Rd8
30.Qf4 Rd7 31.Rf6 Nxe4 32.Bxe4 Rxe4 33.Qh6 Qc5+ 34.Kh1 Rg7 35.d6 Re8 36.Qf4 h5
37.d7  1-0

[Event "Vrnjacka Banja"]
[Site "Vrnjacka Banja"]
[Date "1983.??.??"]
[Round "7"]
[White "Paunovic, Dragan"]
[Black "Ristic, Nenad"]
[Result "1/2-1/2"]
[WhiteElo "2320"]
[BlackElo "2365"]

1.d4 Nf6 2.c4 g6 3.Nc3 d5 4.cxd5 Nxd5 5.e4 Nxc3 6.bxc3 Bg7 7.Nf3 c5 8.Rb1 O-O
9.Be2 Nc6 10.Be3 cxd4 11.cxd4 Qa5+ 12.Bd2 Qxa2 13.d5 Nd8 14.O-O Bd7 15.Bd3 e6
16.d6 e5 17.Ng5 h6 18.Ra1 Qb2 19.Nf3 Qb6 20.Rb1 Qc6 21.Qe2 Qc8 22.Rfc1 Bc6
23.Bc3 Re8 24.Qb2 Qe6 25.Bb4 Qd7 26.Rc2 f6 27.Nd2 Bf8 28.Qa3 Kg7 29.Nb3 b6
30.Ba6 Nf7 31.f3 Re6 32.Bc4 Rxd6 33.Bxd6 Nxd6 34.Rd1 Qe8 35.Qc1 Nb7 36.Bd5 Nc5
37.Nxc5 Bxc5+ 38.Rxc5 bxc5 39.Qxc5 Bxd5 40.exd5 Qd7 41.Ra1 a6 42.Qa5 g5 43.h3 Rd8
44.Qxa6 Qxd5 45.Kh1 h5 46.Qb6 g4 47.Ra7+ Rd7 48.fxg4 hxg4 49.hxg4 Qd1+ 50.Kh2 Qxg4
51.Rxd7+ Qxd7 52.Qb4 Kg6 53.Qc4 Qh7+ 54.Kg3 Qg7 55.Kf3 f5 56.Qe6+ Kg5 57.Kf2 Qa7+
58.Ke2 Qc5 59.Qg8+ Kf4 60.g3+ Ke4 61.Qa8+ Kd4 62.Qa1+ Kd5 63.Qa8+ Qc6 64.Qd8+ Qd6
65.Qa8+ Qc6 66.Qd8+ Qd6 67.Qa8+ Kd4 68.Qa4+ Kc3 69.Qa1+ Kc4 70.Qa2+ Kd4 71.Qa4+ Kd5
72.Qa8+  1/2-1/2

[Event "Vrnjacka Banja"]
[Site "Vrnjacka Banja"]
[Date "1983.??.??"]
[Round "14"]
[White "Schmidt, Wlodzimierz"]
[Black "Jansa, Vlastimil"]
[Result "1/2-1/2"]
[WhiteElo "2450"]
[BlackElo "2440"]

1.d4 Nf6 2.c4 g6 3.Nc3 d5 4.cxd5 Nxd5 5.e4 Nxc3 6.bxc3 Bg7 7.Be3 c5 8.Rc1 Qa5
9.Qd2 cxd4 10.cxd4 Qxd2+ 11.Bxd2 O-O 12.d5 e6 13.Bb5 Bd7 14.Bxd7 Nxd7 15.dxe6 fxe6
16.Nf3 Rfc8 17.Ke2 Nc5 18.Ng5 h6 19.Be3 hxg5 20.Rxc5 Rxc5 21.Bxc5 g4 22.Rd1 b5
23.Rd7 a5 24.Rb7 b4 25.Rb5 Bf8 26.Bxf8 Kxf8 27.Ke3 Ke7 28.Kf4 Kd6 29.Kxg4 Kc6
30.a4 Ra7 31.Kf4 Rb7 32.Rxb7 Kxb7 33.Ke3 g5 34.f3 Kc6 35.Kd4 e5+ 36.Kc4 Kd6
37.h3 Ke6 38.g3 Kf7 39.Kb3  1/2-1/2

[Event "Vrsac"]
[Site "Vrsac"]
[Date "1983.??.??"]
[Round "?"]
[White "Tarjan, James Edward"]
[Black "Smejkal, Jan"]
[Result "1/2-1/2"]
[WhiteElo "2535"]
[BlackElo "2560"]

1.d4 Nf6 2.c4 g6 3.Nc3 d5 4.cxd5 Nxd5 5.e4 Nxc3 6.bxc3 Bg7 7.Bc4 c5 8.Ne2 O-O
9.O-O Nc6 10.Be3 b6 11.dxc5 Qc7 12.Bd4  1/2-1/2

[Event "OHRA"]
[Site "Amsterdam"]
[Date "1984.??.??"]
[Round "4"]
[White "Ligterink, Gert"]
[Black "Chandler, Murray G"]
[Result "0-1"]
[WhiteElo "2440"]
[BlackElo "2540"]

1.d4 Nf6 2.c4 g6 3.Nc3 d5 4.cxd5 Nxd5 5.e4 Nxc3 6.bxc3 Bg7 7.Nf3 c5 8.Rb1 O-O
9.Be2 b6 10.O-O Bb7 11.Qd3 e6 12.Bg5 Qd6 13.Qe3 cxd4 14.cxd4 Rc8 15.h4 Nc6
16.e5 Qf8 17.h5 Nb4 18.Qd2 a5 19.Rfc1 h6 20.Be3 Be4 21.Rxc8 Rxc8 22.Rb2 gxh5
23.Ne1 h4 24.Bf3 Bxf3 25.Nxf3 Nd5 26.Nxh4 Rc3 27.g3 Kh7 28.Ng2 Qa3 29.Bf4 Nb4
30.Ne3 Rd3 31.Qe2 Rxd4 32.Ng4 Qd3 33.Qxd3+ Nxd3 34.Rxb6 Nxf4 35.gxf4 Rxf4
36.Ne3 Bxe5  0-1

[Event "OHRA"]
[Site "Amsterdam"]
[Date "1984.??.??"]
[Round "9"]
[White "Polugaevsky, Lev"]
[Black "Chandler, Murray G"]
[Result "1/2-1/2"]
[WhiteElo "2625"]
[BlackElo "2540"]

1.d4 Nf6 2.c4 g6 3.Nc3 d5 4.cxd5 Nxd5 5.e4 Nxc3 6.bxc3 Bg7 7.Bc4 c5 8.Ne2 Nc6
9.Be3 O-O 10.O-O Bg4 11.f3 Na5 12.Bd3 cxd4 13.cxd4 Be6 14.d5 Bxa1 15.Qxa1 f6
16.Rb1 Bd7 17.Bh6 Rf7 18.e5 e6 19.Nf4 fxe5 20.Nxe6 Bxe6 21.dxe6 Re7 22.Bg5 Qxd3
23.Bxe7 Re8 24.Bg5 Qf5 25.Bh6 Qxe6  1/2-1/2